[Event "VII Marx Gyorgy Memorial WGM"]
[Site "Paks"]
[Date "2009.09.28"]
[Round "4"]
[White "Toth, Lili"]
[Black "Kochetkova, Julia"]
[Result "1/2-1/2"]
[WhiteElo "2171"]
[BlackElo "2305"]
[PlyCount "120"]
[EventDate "2009.??.??"]

1. d4 Nf6 2. Nf3 e6 3. Bf4 d5 4. e3 c5 5. c3 Nc6 6. Nbd2 Bd6 7. Bxd6 Qxd6 8.
Bd3 O-O 9. Qc2 e5 10. dxe5 Nxe5 11. Nxe5 Qxe5 12. Nf3 Qh5 13. O-O Re8 14. b4 b6
15. Be2 Ne4 16. Rac1 Bb7 17. bxc5 bxc5 18. Rfd1 Rad8 19. Qa4 a6 20. Qb3 Ba8 21.
c4 Rb8 22. Qa4 Qh6 23. Rc2 d4 24. exd4 cxd4 25. Nxd4 Qf6 26. f3 Red8 27. c5 Qg5
28. Qa3 Qf6 29. Qe3 Ng5 30. c6 Rf8 31. Bxa6 Rbe8 32. Qd3 Rd8 33. c7 Rxd4 34.
c8=Q Rxd3 35. Rxd3 h6 36. Qc4 Re8 37. Rc1 Qb2 38. Rb3 Qd2 39. Rcb1 Bxf3 40.
Rxf3 Nxf3+ 41. gxf3 Qe3+ 42. Kg2 Re6 43. Rf1 Qg5+ 44. Kh1 Rd6 45. Qc8+ Kh7 46.
Qc2+ g6 47. Bd3 Qe3 48. Be4 Rd2 49. Qc4 Kg7 50. Bb1 Qe5 51. Qh4 Qe2 52. Qh3 Rd1
53. Kg1 Qe3+ 54. Kh1 Qe2 55. Kg1 Qe3+ 56. Kh1 Qe2 57. Rg1 Rxg1+ 58. Kxg1 Qe3+
59. Kg2 Qd2+ 60. Kg1 Qe3+ 1/2-1/2

[Event "VII Marx Gyorgy Memorial WGM"]
[Site "Paks"]
[Date "2009.09.28"]
[Round "4"]
[White "Vajda, Szidonia"]
[Black "Gara, Ticia"]
[Result "1/2-1/2"]
[WhiteElo "2375"]
[BlackElo "2364"]
[PlyCount "70"]
[EventDate "2009.??.??"]

1. e4 c5 2. Nf3 d6 3. d4 cxd4 4. Nxd4 Nf6 5. Nc3 e6 6. Be2 Be7 7. O-O O-O 8. f4
Nc6 9. Kh1 Bd7 10. Be3 Nxd4 11. Qxd4 Bc6 12. Bf3 Qc7 13. a4 Rfd8 14. Qd2 b6 15.
Qf2 Qb7 16. e5 Nd5 17. Nxd5 Bxd5 18. Bxd5 Qxd5 19. a5 bxa5 20. Bxa7 Rd7 21.
Rfd1 Qb7 22. Bd4 dxe5 23. Bxe5 Rad8 24. Rxd7 Qxd7 25. h3 a4 26. c3 h6 27. Qc2
Qd2 28. Qxd2 Rxd2 29. Rxa4 f6 30. Bd4 Rxb2 31. Ra8+ Kf7 32. Ra7 Kf8 33. Ra8+
Kf7 34. Ra7 Kf8 35. Ra8+ Kf7 1/2-1/2

[Event "VII Marx Gyorgy Memorial WGM"]
[Site "Paks"]
[Date "2009.09.29"]
[Round "5"]
[White "Dolukhanova, Evgeniya"]
[Black "Vajda, Szidonia"]
[Result "0-1"]
[WhiteElo "2341"]
[BlackElo "2375"]
[PlyCount "102"]
[EventDate "2009.??.??"]

1. e4 e5 2. Nf3 Nc6 3. d4 exd4 4. Nxd4 Nf6 5. Nxc6 bxc6 6. Nd2 d6 7. Be2 g6 8.
O-O Bg7 9. f4 O-O 10. Bf3 Rb8 11. c4 Nd7 12. Nb3 c5 13. Qc2 Bb7 14. Bd2 Re8 15.
Rae1 Qf6 16. e5 dxe5 17. fxe5 Qe6 18. Bxb7 Rxb7 19. Be3 Bxe5 20. Nxc5 Nxc5 21.
Bxc5 Rxb2 22. Qxb2 Bxb2 23. Rxe6 Rxe6 24. Rb1 Be5 25. g3 Rc6 26. Bxa7 Rxc4 27.
Rb5 Rc1+ 28. Kf2 Rc2+ 29. Kf3 f6 30. a4 Ra2 31. Ra5 Kf7 32. Bf2 Ke7 33. Ra8 Bc3
34. h4 f5 35. Be3 Kd7 36. Kf4 Kc6 37. Kg5 Kb7 38. Ra7+ Kb8 39. Ra6 Re2 40. Kf4
Bb4 41. h5 Bd6+ 42. Kf3 Ra2 43. hxg6 hxg6 44. a5 Ra3 45. Ke2 Rxe3+ 46. Kxe3 Kb7
47. Rxd6 cxd6 48. Kf4 Ka6 49. Kg5 d5 50. Kf4 d4 51. g4 Kxa5 0-1

[Event "VII Marx Gyorgy Memorial WGM"]
[Site "Paks"]
[Date "2009.09.29"]
[Round "5"]
[White "Kochetkova, Julia"]
[Black "Majdan, Joanna"]
[Result "1/2-1/2"]
[WhiteElo "2305"]
[BlackElo "2361"]
[PlyCount "81"]
[EventDate "2009.??.??"]

1. e4 c5 2. Nf3 d6 3. d4 cxd4 4. Nxd4 Nf6 5. Nc3 a6 6. h3 e6 7. g4 Be7 8. Bg2
Nfd7 9. Be3 Nc6 10. Qe2 O-O 11. O-O-O Nxd4 12. Bxd4 Qc7 13. Kb1 Rb8 14. f4 b5
15. Qf2 b4 16. Ne2 e5 17. Ba7 Rb5 18. f5 Bb7 19. h4 Nf6 20. Ng3 Nxg4 21. Qe2
Nf6 22. Be3 d5 23. Bg5 d4 24. Bxf6 Bxf6 25. Nh5 Qc6 26. Rhg1 Kh8 27. Bf3 Ra5
28. Rg2 Rc8 29. Qd3 Rc5 30. Rdg1 a5 31. Qd2 Ba6 32. b3 Rc3 33. Nxg7 Rxf3 34.
Qh6 Rg3 35. Rxg3 Qxc2+ 36. Ka1 d3 37. R3g2 Qc3+ 38. Rb2 d2 39. Qxf6 Qc1+ 40.
Rb1 Qc3+ 41. Rb2 1/2-1/2

[Event "VII Marx Gyorgy Memorial WGM"]
[Site "Paks"]
[Date "2009.10.01"]
[Round "6"]
[White "Dolukhanova, Evgeniya"]
[Black "Gara, Ticia"]
[Result "1-0"]
[WhiteElo "2341"]
[BlackElo "2364"]
[PlyCount "105"]
[EventDate "2009.??.??"]

1. e4 c5 2. Na3 Nc6 3. Bb5 Nf6 4. d3 Qc7 5. f4 d6 6. Nf3 e6 7. O-O Be7 8. Qe1
O-O 9. Bxc6 Qxc6 10. Nc4 b5 11. Ne3 c4 12. Bd2 Bb7 13. f5 Qd7 14. Bc3 cxd3 15.
cxd3 Ne8 16. Qg3 e5 17. h4 Bd8 18. Ng4 f6 19. h5 Bb6+ 20. Kh1 a5 21. h6 Kh8 22.
Bd2 Qf7 23. Qh3 d5 24. Nh4 Qh5 25. Rf3 gxh6 26. Nxh6 Nd6 27. Qh2 Rg8 28. Nxg8
Kxg8 29. Rh3 Qf7 30. Bh6 Bf2 31. Rf3 Bxh4 32. Qxh4 Kh8 33. Rc1 Ne8 34. Rg3 dxe4
35. dxe4 Rd8 36. Rf1 Rd4 37. Rg4 Nd6 38. Bg7+ Qxg7 39. Rxg7 Kxg7 40. Rc1 Bxe4
41. Rc7+ Nf7 42. Rxf7+ Kxf7 43. Qxh7+ Ke8 44. Qg8+ Kd7 45. Qe6+ Kc7 46. Qxf6
Rd5 47. Qe7+ Kc6 48. f6 Rd1+ 49. Kh2 Rd2 50. Qe6+ Kb7 51. Qg4 Bd5 52. Qg7+ Kb6
53. f7 1-0

[Event "VII Marx Gyorgy Memorial WGM"]
[Site "Paks"]
[Date "2009.10.01"]
[Round "6"]
[White "Vajda, Szidonia"]
[Black "Kochetkova, Julia"]
[Result "1/2-1/2"]
[WhiteElo "2375"]
[BlackElo "2305"]
[PlyCount "109"]
[EventDate "2009.??.??"]

1. e4 c5 2. Nf3 Nc6 3. c3 Nf6 4. e5 Nd5 5. d4 cxd4 6. cxd4 d6 7. Bc4 Nb6 8. Bb5
dxe5 9. Nxe5 Bd7 10. Nxd7 Qxd7 11. Nc3 Rd8 12. O-O e6 13. Bg5 Be7 14. Bxe7 Qxe7
15. Bxc6+ bxc6 16. Qf3 O-O 17. Qxc6 Rxd4 18. Rfd1 Rxd1+ 19. Rxd1 h6 20. g3 Rc8
21. Qb5 Qf6 22. a4 Qf3 23. Rd3 Qg4 24. a5 Nd5 25. Qd7 Qc4 26. Nxd5 Qc1+ 27. Kg2
exd5 28. Qxa7 Qxb2 29. Qd7 Qc2 30. Qxd5 Qa4 31. Qb7 Rc5 32. a6 Ra5 33. Rd8+ Kh7
34. Rd6 Qa2 35. Qe4+ g6 36. Qd4 Ra4 37. Qc3 Qe2 38. Qf3 Qc4 39. Qb7 Ra1 40. Qb2
Qf1+ 41. Kf3 Qh1+ 42. Ke3 Qe1+ 43. Kf3 Qh1+ 44. Ke3 Qe1+ 45. Kf3 Qh1+ 46. Ke3
Re1+ 47. Kd4 Rd1+ 48. Kc5 Rc1+ 49. Kb6 Rb1 50. Qxb1 Qxb1+ 51. Kc7 Qc2+ 52. Rc6
Qxf2 53. Kb7 Qxh2 54. a7 Qb2+ 55. Rb6 1/2-1/2

[Event "VII Marx Gyorgy Memorial WGM"]
[Site "Paks"]
[Date "2009.10.01"]
[Round "6"]
[White "Toth, Lili"]
[Black "Majdan, Joanna"]
[Result "1/2-1/2"]
[WhiteElo "2171"]
[BlackElo "2361"]
[PlyCount "76"]
[EventDate "2009.??.??"]

1. d4 d6 2. Nf3 g6 3. c4 Bg7 4. Nc3 c5 5. e3 Nf6 6. Be2 O-O 7. O-O Nbd7 8. a3
b6 9. b4 Bb7 10. Bb2 Rc8 11. Qb3 cxd4 12. exd4 Nh5 13. Nd5 e6 14. Ne3 Nf4 15.
Bd1 Re8 16. g3 Nh3+ 17. Kg2 Ng5 18. d5 Bxb2 19. Qxb2 exd5 20. cxd5 Ne4 21. Rc1
Qf6 22. Qxf6 Ndxf6 23. Ba4 Ba6 24. Rfe1 b5 25. Bb3 Bb7 26. Nd4 Rc3 27. Rxc3
Nxc3 28. Kf1 a6 29. Ne2 Ncxd5 30. Nxd5 Bxd5 31. Bxd5 Nxd5 32. Rc1 Nb6 33. Rc6
Nc4 34. Rxa6 Nd2+ 35. Ke1 Ne4 36. Kf1 Nd2+ 37. Ke1 Ne4 38. Kf1 Nd2+ 1/2-1/2

[Event "VII Marx Gyorgy Memorial WGM"]
[Site "Paks"]
[Date "2009.10.02"]
[Round "7"]
[White "Toth, Lili"]
[Black "Dolukhanova, Evgeniya"]
[Result "1/2-1/2"]
[WhiteElo "2171"]
[BlackElo "2341"]
[PlyCount "105"]
[EventDate "2009.??.??"]

1. d4 d5 2. c4 e6 3. Nc3 c6 4. cxd5 exd5 5. Qc2 Nf6 6. Nf3 Be7 7. Bf4 O-O 8. e3
Bg4 9. Ne5 Be6 10. Bd3 Nbd7 11. O-O Rc8 12. a3 c5 13. Nxd7 Qxd7 14. dxc5 Rxc5
15. Qd2 Nh5 16. Be5 Bf6 17. Bd4 Bxd4 18. exd4 Rcc8 19. Qg5 g6 20. Rae1 Ng7 21.
Qf6 Ne8 22. Qf3 Nc7 23. h3 Qd6 24. b4 Ne8 25. Rc1 Ng7 26. Rfd1 Rfd8 27. Bb1 a5
28. Ba2 axb4 29. axb4 Ra8 30. Ra1 Nf5 31. g4 Ne7 32. Nb5 Qb6 33. Qd3 Nc6 34.
Bb3 Nxb4 35. Qe2 Nc6 36. Rab1 Ra5 37. Nc3 Qc7 38. Qe3 Qe7 39. Ba4 Rda8 40. Bxc6
bxc6 41. Kg2 Ra3 42. Rb6 Qc7 43. Rdb1 R3a6 44. Rb7 Qd6 45. Qg5 Bd7 46. Ne2 Rf8
47. Ng3 f6 48. Qh6 Raa8 49. h4 Rf7 50. h5 Qf8 51. Qf4 Re8 52. R1b3 Rfe7 53. Rb1
1/2-1/2

[Event "VII Marx Gyorgy Memorial WGM"]
[Site "Paks"]
[Date "2009.10.02"]
[Round "7"]
[White "Majdan, Joanna"]
[Black "Vajda, Szidonia"]
[Result "1/2-1/2"]
[WhiteElo "2361"]
[BlackElo "2375"]
[PlyCount "119"]
[EventDate "2009.??.??"]

1. e4 e5 2. Nf3 Nc6 3. Bc4 Bc5 4. O-O Nf6 5. d4 Bxd4 6. Nxd4 Nxd4 7. f4 d6 8.
fxe5 dxe5 9. Bg5 Be6 10. Na3 Bxc4 11. Nxc4 Ne6 12. Bxf6 gxf6 13. Qxd8+ Rxd8 14.
Rxf6 Rd4 15. Nxe5 Rxe4 16. Nd3 Re2 17. Rf2 Rxf2 18. Kxf2 Ke7 19. Re1 Rg8 20.
Re5 Rg5 21. Rxg5 Nxg5 22. Ke3 Ne6 23. Ke4 Kf6 24. c4 Ng5+ 25. Kd5 Ke7 26. Nc5
c6+ 27. Ke5 b6 28. Ne4 Nxe4 29. Kxe4 f6 30. Kf5 Kf7 31. g4 Ke7 32. b4 a5 33.
bxa5 bxa5 34. c5 Kf7 35. a4 Ke7 36. h4 Kf7 37. g5 fxg5 38. hxg5 Kg7 39. Ke6 Kg6
40. Kd6 Kxg5 41. Kxc6 h5 42. Kb6 h4 43. c6 h3 44. c7 h2 45. c8=Q h1=Q 46. Qc6
Qe1 47. Ka6 Kg4 48. Qc4+ Kh3 49. Qc5 Kh2 50. Qxa5 Qe6+ 51. Qb6 Qc8+ 52. Kb5
Qf5+ 53. Qc5 Qb1+ 54. Ka6 Qd3+ 55. Kb6 Qb3+ 56. Ka5 Qb7 57. Qh5+ Kg2 58. Qg6+
Kh1 59. Qc2 Qa7+ 60. Kb4 1/2-1/2

[Event "VII Marx Gyorgy Memorial WGM"]
[Site "Paks"]
[Date "2009.10.02"]
[Round "7"]
[White "Kochetkova, Julia"]
[Black "Gara, Ticia"]
[Result "1-0"]
[WhiteElo "2305"]
[BlackElo "2364"]
[PlyCount "77"]
[EventDate "2009.??.??"]

1. e4 c5 2. Nf3 d6 3. d4 cxd4 4. Nxd4 Nf6 5. Nc3 e6 6. g4 Nc6 7. g5 Nd7 8. h4
Be7 9. Be3 a6 10. Qe2 Nxd4 11. Bxd4 O-O 12. O-O-O b5 13. a3 Qa5 14. f4 b4 15.
axb4 Qxb4 16. Qc4 Rb8 17. Qa2 Bb7 18. Bc4 Nb6 19. Bb3 d5 20. exd5 Nxd5 21. Nxd5
Bxd5 22. Bxd5 exd5 23. g6 hxg6 24. h5 Bf6 25. Bxf6 Qxf4+ 26. Rd2 Qxf6 27. hxg6
fxg6 28. Qxd5+ Qf7 29. Qd4 Qf6 30. Qd5+ Qf7 31. Qd4 Qa2 32. b3 Qa3+ 33. Kb1 Rf7
34. Rdh2 Rxb3+ 35. cxb3 Qxb3+ 36. Qb2 Qd3+ 37. Ka1 Rf1+ 38. Rxf1 Qxf1+ 39. Ka2
1-0

[Event "VII Marx Gyorgy Memorial WGM"]
[Site "Paks"]
[Date "2009.10.03"]
[Round "8"]
[White "Dolukhanova, Evgeniya"]
[Black "Kochetkova, Julia"]
[Result "1/2-1/2"]
[WhiteElo "2341"]
[BlackElo "2305"]
[PlyCount "50"]
[EventDate "2009.??.??"]

1. e4 c5 2. Nf3 Nc6 3. d4 cxd4 4. Nxd4 Nf6 5. Nc3 e5 6. Ndb5 d6 7. Bg5 a6 8.
Na3 b5 9. Bxf6 gxf6 10. Nd5 f5 11. c3 Bg7 12. exf5 Bxf5 13. Nc2 O-O 14. Nce3
Be6 15. Bd3 f5 16. Bc2 f4 17. Qh5 Rf7 18. Bxh7+ Kf8 19. Bf5 Qe8 20. Bxe6 Qxe6
21. Qg4 Qh6 22. Nf5 Qe6 23. Nfe3 Qh6 24. Nf5 Qe6 25. Nfe3 Qh6 1/2-1/2

[Event "VII Marx Gyorgy Memorial WGM"]
[Site "Paks"]
[Date "2009.10.03"]
[Round "8"]
[White "Gara, Ticia"]
[Black "Majdan, Joanna"]
[Result "1-0"]
[WhiteElo "2364"]
[BlackElo "2361"]
[PlyCount "111"]
[EventDate "2009.??.??"]

1. e4 c5 2. Nf3 d6 3. d4 cxd4 4. Nxd4 Nf6 5. Nc3 Bd7 6. Be2 e5 7. Ndb5 Be6 8.
Bg5 a6 9. Na3 Nbd7 10. Nc4 Qc7 11. Ne3 Be7 12. O-O Qc5 13. Qd3 Rc8 14. Rac1 Qb4
15. Bxf6 Nxf6 16. Rb1 O-O 17. Ncd5 Nxd5 18. Nxd5 Bxd5 19. exd5 e4 20. Qd1 b5
21. c3 Qc5 22. a4 bxa4 23. Qxa4 Qxd5 24. Qxa6 Rc5 25. Rfd1 Qe5 26. Qb7 d5 27.
b4 Rxc3 28. Qxd5 Qxd5 29. Rxd5 Rb8 30. b5 e3 31. fxe3 Rxe3 32. Kf1 Re6 33. Rd7
Bc5 34. Rc1 Rf6+ 35. Bf3 Bf8 36. Rd5 g6 37. Rc6 Kg7 38. Ke2 h5 39. Kd3 Rf4 40.
Rc4 Rxc4 41. Kxc4 Kf6 42. Rd7 Rc8+ 43. Bc6 Ke6 44. Ra7 Bd6 45. h3 f6 46. Kd4
Be5+ 47. Kc5 Rd8 48. Ra4 Rd2 49. b6 Rc2+ 50. Kb5 Kd6 51. Bf3 Rc1 52. Ka6 Ke6
53. Ka7 Kd7 54. b7 Rb1 55. Be4 Rb2 56. Bxg6 1-0

[Event "VII Marx Gyorgy Memorial WGM"]
[Site "Paks"]
[Date "2009.10.04"]
[Round "9"]
[White "Vajda, Szidonia"]
[Black "Dolukhanova, Evgeniya"]
[Result "1/2-1/2"]
[WhiteElo "2375"]
[BlackElo "2341"]
[PlyCount "81"]
[EventDate "2009.??.??"]

1. e4 c5 2. c3 d5 3. exd5 Qxd5 4. d4 Nf6 5. Nf3 e6 6. Be3 cxd4 7. cxd4 Be7 8.
Nc3 Qd6 9. Bd3 Nc6 10. a3 O-O 11. O-O b6 12. Qe2 Bb7 13. Rad1 Rad8 14. Rfe1
Rfe8 15. Bb1 h6 16. Ba2 Bf8 17. d5 exd5 18. Nxd5 Nxd5 19. Bxd5 Qg6 20. Qb5 Rd6
21. Rd2 Red8 22. Red1 Nd4 23. Rxd4 Rxd5 24. Rxd5 Rxd5 25. Rxd5 Bxd5 26. Ne1 Bc6
27. Qd3 Qxd3 28. Nxd3 f6 29. f3 Kf7 30. Kf2 g5 31. Bd4 Bd6 32. g3 Ke6 33. Ke3
h5 34. Nf2 h4 35. gxh4 gxh4 36. h3 Kf5 37. Ng4 Bf4+ 38. Kf2 Bg3+ 39. Kg2 Kf4
40. Be3+ Kf5 41. Bd4 1/2-1/2

[Event "VII Marx Gyorgy Memorial WGM"]
[Site "Paks"]
[Date "2009.10.04"]
[Round "9"]
[White "Toth, Lili"]
[Black "Gara, Ticia"]
[Result "0-1"]
[WhiteElo "2171"]
[BlackElo "2364"]
[PlyCount "131"]
[EventDate "2009.??.??"]

1. d4 Nf6 2. c4 e6 3. g3 c5 4. d5 exd5 5. cxd5 d6 6. Bg2 g6 7. Nc3 Bg7 8. Nf3
O-O 9. O-O Na6 10. Nd2 Nc7 11. Nc4 Nfe8 12. a4 b6 13. Re1 Ba6 14. Qb3 Rb8 15.
Na3 Qd7 16. e3 Nf6 17. Nab5 Nxb5 18. axb5 Bc8 19. h3 Qc7 20. Qc4 Re8 21. Bd2
Re7 22. f4 Bd7 23. Nd1 Rbe8 24. Nf2 Bc8 25. e4 Nd7 26. Qa2 Nb8 27. Bc3 a5 28.
Bxg7 Kxg7 29. Qc4 f6 30. Ra3 Nd7 31. Rae3 Qd8 32. Qc3 Rf7 33. g4 h6 34. Nd3 Kh7
35. h4 g5 36. hxg5 hxg5 37. e5 dxe5 38. fxe5 Nxe5 39. Nxe5 fxe5 40. Rxe5 Rxe5
41. Qxe5 Bxg4 42. Be4+ Kg8 43. Bg6 Rf8 44. Be8 Qf6 45. Qxf6 Rxf6 46. Bc6 Kf7
47. Be8+ Kf8 48. Bc6 Bh5 49. Re5 Bf7 50. Rxg5 Rg6 51. Rxg6 Bxg6 52. d6 Kf7 53.
Kf2 Ke6 54. d7 Ke7 55. Ke3 Bf5 56. Kf4 Bxd7 57. Bxd7 Kxd7 58. Ke5 a4 59. Kd5
Ke7 60. Ke5 Kf7 61. Kd5 Kf6 62. Kc6 c4 63. Kxb6 c3 64. bxc3 a3 65. c4 a2 66. c5
0-1

[Event "VII Marx Gyorgy Memorial WGM"]
[Site "Paks"]
[Date "2009.10.04"]
[Round "9"]
[White "Majdan, Joanna"]
[Black "Kochetkova, Julia"]
[Result "1/2-1/2"]
[WhiteElo "2361"]
[BlackElo "2305"]
[PlyCount "56"]
[EventDate "2009.??.??"]

1. e4 d6 2. f4 c5 3. Nf3 Nc6 4. Nc3 Nf6 5. Bb5 Bd7 6. Bxc6 Bxc6 7. Qe2 e6 8. d4
d5 9. exd5 Nxd5 10. Ne4 cxd4 11. Nxd4 Bb4+ 12. Kf1 Qc7 13. Nxc6 Qxc6 14. c4 Nf6
15. Nxf6+ gxf6 16. Be3 Rd8 17. Kf2 Bc5 18. Rhd1 Ke7 19. b3 Rd6 20. Rxd6 Qxd6
21. Bxc5 Qxc5+ 22. Qe3 Rc8 23. Qxc5+ Rxc5 24. Ke3 b5 25. Kd4 Kd6 26. cxb5 Rxb5
27. Rc1 Rd5+ 28. Ke3 e5 1/2-1/2

[Event "VII Marx Gyorgy Memorial WGM"]
[Site "Paks"]
[Date "2009.10.05"]
[Round "10"]
[White "Dolukhanova, Evgeniya"]
[Black "Majdan, Joanna"]
[Result "0-1"]
[WhiteElo "2341"]
[BlackElo "2361"]
[PlyCount "80"]
[EventDate "2009.??.??"]

1. e4 c5 2. Na3 g6 3. c3 Bg7 4. f4 Nf6 5. d3 Nc6 6. Nf3 d6 7. Be2 O-O 8. O-O
Rb8 9. Qe1 b5 10. Qh4 b4 11. Nc4 bxc3 12. bxc3 Ba6 13. e5 Bxc4 14. exf6 Bxf6
15. Ng5 Bxg5 16. Qxg5 f6 17. Qg3 Bf7 18. f5 Kh8 19. fxg6 Bxg6 20. Bh6 Rg8 21.
Qe3 Rb2 22. Rf2 Qa5 23. d4 Rc2 24. Bc4 Rxc3 25. Qe6 Rxc4 26. Qxc4 Nxd4 27. Bd2
Qb5 28. Qxb5 Nxb5 29. Re1 Re8 30. a4 Nc7 31. Ba5 Nd5 32. Rb2 a6 33. Rb7 Bc2 34.
Ra1 Be4 35. Ra7 Rb8 36. Ra2 c4 37. Rxa6 c3 38. Ra7 Rb1+ 39. Kf2 Rb2+ 40. Rxb2
cxb2 0-1

[Event "VII Marx Gyorgy Memorial WGM"]
[Site "Paks"]
[Date "2009.10.05"]
[Round "10"]
[White "Kochetkova, Julia"]
[Black "Toth, Lili"]
[Result "0-1"]
[WhiteElo "2305"]
[BlackElo "2171"]
[PlyCount "54"]
[EventDate "2009.??.??"]

1. Nf3 Nf6 2. g3 b6 3. Bg2 Bb7 4. O-O e6 5. c4 c5 6. Nc3 Be7 7. Re1 d6 8. e4 a6
9. d4 cxd4 10. Nxd4 Qc7 11. Be3 Nbd7 12. f4 O-O 13. Rc1 Rac8 14. g4 Nc5 15. Bf2
d5 16. e5 Nfe4 17. Nxe4 dxe4 18. Bf1 Ba8 19. Rc3 Rfd8 20. Rh3 g6 21. Qd2 Nd3
22. Bxd3 exd3 23. f5 Rxd4 24. Bxd4 Qc6 25. Ree3 Qh1+ 26. Kf2 Qg2+ 27. Ke1 Qg1#
0-1

[Event "VII Marx Gyorgy Memorial WGM"]
[Site "Paks"]
[Date "2009.10.05"]
[Round "10"]
[White "Gara, Ticia"]
[Black "Vajda, Szidonia"]
[Result "0-1"]
[WhiteElo "2364"]
[BlackElo "2375"]
[PlyCount "106"]
[EventDate "2009.??.??"]

1. e4 e5 2. Nf3 Nc6 3. Bb5 Nf6 4. d3 d6 5. O-O Bd7 6. c3 g6 7. Re1 Bg7 8. Nbd2
O-O 9. d4 Nxd4 10. cxd4 Bxb5 11. Qb3 Qe8 12. dxe5 dxe5 13. Nc4 Bxc4 14. Qxc4
Qe7 15. Be3 Rfd8 16. Rac1 c6 17. h3 h6 18. Red1 Ne8 19. Qb3 Rxd1+ 20. Rxd1 b6
21. Qd3 Nc7 22. Qd7 Qxd7 23. Rxd7 Ne6 24. a4 Kf8 25. a5 bxa5 26. Rxa7 Rxa7 27.
Bxa7 a4 28. Bb8 f6 29. Nd2 Kf7 30. Nb1 Bf8 31. Nc3 a3 32. bxa3 Bxa3 33. Kf1 Bb4
34. Na2 Bc5 35. Nc1 Ke7 36. Nd3 Bd6 37. Ba7 c5 38. Bb6 Kd7 39. Ba5 Kc6 40. Bd2
h5 41. Ke2 Nd4+ 42. Kd1 Kb5 43. Ne1 Kc4 44. g4 Kb3 45. g5 fxg5 46. Bxg5 c4 47.
Bf6 Ne6 48. Nc2 c3 49. Ne1 Kc4 50. Kc2 Nd4+ 51. Kd1 Nc6 52. Bg5 Nb4 53. Bf6 Nd3
0-1